| 000 | 00369nam a2200133Ia 4500 | ||
|---|---|---|---|
| 008 | 230211s9999||||xx |||||||||||||| ||und|| | ||
| 082 |
_a242 _bWal/M |
||
| 100 | _aWallace Robert Keith | ||
| 245 | 0 | _aModern Science And Vedic Science | |
| 250 | _aIst Edition | ||
| 260 |
_aUnited States _bMaharishi Technology Of The unified Field _c1988 |
||
| 300 | _a110p | ||
| 942 | _cBK | ||
| 999 |
_c41246 _d41246 |
||